000 00604nam a22001697a 4500
020 _qHard Cover.
082 _a004
100 _aRasool, Saqib
245 _aCollective Communication in Rich Internet Applications based on HTML5 to Form Web Based Overlay Network (WOvNet) /
_cSaqib Rasool.
260 _aIslamabad:
_bSEECS - NUST,
_c2014.
300 _aix, 52 p. : ill. ;
_c30cm.
650 _aMs Thesis.
_918721
700 _aDr. Hamid Mukhtar.
_919670
856 _uhttp://10.250.8.41:8080/xmlui/handle/123456789/9995
942 _2ddc
_cTHE
999 _c528103
_d528103